00404nam a2200157Ia 45000010006000000050017000060080041000230410008000640820015000721000047000872450060001342600009001943000027002036500008002306540008002382090020260306172839.0260306t2021||||xx |||||||||||||| ||spa|| aESP a343.8bP86 aPríncipe Jiménez, Yésica MagalyeAUT 0aTratamiento de los bienes intangibles en la ley del IGV c2021 a31 páginas :c24 cm. aGEN aCCO